Видеоигры по их протагонистам - Statistics

General Stats
  • This quiz has been taken 14 times
  • The average score is 7 of 30
Answer Stats
Hint Answer % Correct
Гордон Фримен Half-Life
79%
Геральт из Ривии The Witcher
71%
Агент 47 Hitman
57%
Лара Крофт Tomb Raider
57%
Томми Версетти Grand Theft Auto: Vice City
43%
Лю Кан Mortal Kombat
43%
Довакин The Elder Scrolls V: Skyrim
43%
Нэйтан Дрейк Uncharted
43%
Нико Беллик Grand Theft Auto IV
36%
Выходец из Убежища Fallout
29%
Солид Снэйк Metal Gear
29%
Линк The Legend of Zelda
29%
Чувак Postal 2
21%
Сэм Фишер Splinter Cell
21%
Айзек Кларк Dead Space
14%
Макс Колфилд Life Is Strange
14%
Шепард Mass Effect
14%
Феникс Райт Ace Attorney
7%
Гарри Дюбуа Disco Elysium
7%
Избранный Fallout 2
7%
Курьер Fallout: New Vegas
7%
Итан Марс Heavy Rain
7%
Казама Кирью Yakuza 0
7%
Лукас Кейн Fahrenheit
0%
Рекс Кольт Far Cry 3: Blood Dragon
0%
Клауд Страйф Final Fantasy VII
0%
Барни Калхун Half-Life: Blue Shift
0%
Эдриан Шепард Half-Life: Opposing Force
0%
Дэлсин Роу inFamous: Second Son
0%
Рамино Круз Total Overdose
0%
No matching quizzes found
Score Distribution
Percent of People with Each Score
Percentile by Number Answered
Your Score History
You have not taken this quiz